Hoàn thiện kĩ năng dùng từ = Word perfect
Saved in:
| Main Author: | |
|---|---|
| Format: | Book |
| Language: | Undetermined |
| Published: |
Tp. HCM
Trẻ
1997
|
| Subjects: | |
| Tags: |
Add Tag
No Tags, Be the first to tag this record!
|
| Institutions: | Trung tâm Học liệu Trường Đại học Cần Thơ |
|---|
| LEADER | 00605nam a2200181Ia 4500 | ||
|---|---|---|---|
| 001 | CTU_27698 | ||
| 008 | 210402s9999 xx 000 0 und d | ||
| 082 | |a 428.81 | ||
| 082 | |b H406 | ||
| 100 | |a Hoàn thiện kĩ năng dùng từ | ||
| 245 | 0 | |a Hoàn thiện kĩ năng dùng từ | |
| 245 | 0 | |b = Word perfect | |
| 245 | 0 | |c Hoàn thiện kĩ năng dùng từ; Dịch giả: Đặng Ngọc Tú | |
| 260 | |a Tp. HCM | ||
| 260 | |b Trẻ | ||
| 260 | |c 1997 | ||
| 650 | |a english language - study and teaching,vocabulary | ||
| 980 | |a Trung tâm Học liệu Trường Đại học Cần Thơ | ||